| 000 | 00608nam a2200181Ia 4500 | ||
|---|---|---|---|
| 003 | GCL | ||
| 008 | 140319s9999 xx 000 0 ara d | ||
| 040 |
_aGCL / _cGCL |
||
| 082 | 0 | 4 |
_a813.01 _bا ا |
| 100 | 1 | _aامينة العمادى | |
| 245 | 1 | 0 |
_aاشياء خاصة جدا : _bمجموعة قصصية / _cامينة العمادى |
| 260 |
_aالقاهرة : _bمركز الحضارة العربية للاعلام والنشر |
||
| 300 |
_a88 ص ؛ _c16 سم |
||
| 650 | 0 | 4 | _aالادب العربى |
| 650 | 0 | 4 | _aالقصص القصيرة |
| 650 | 0 | 4 | _aالقصة العربية |
| 942 |
_2ddc _cBK |
||
| 999 |
_c5109 _d5109 |
||